000 00756nam a2200193 i 4500
001 26280
003 ES-MaACL
005 20250902073146.0
007 t|
008 030108s1972 sp ||||1| spa d
245 0 0 _aArtes gráficas :
_breglamentación nacional de trabajo de artes gráficas : Normas complementarias de manipulado de cartón : Trabajo con incentivo en esta industria : Papel de fumar : Modificaciones.
260 _aMadrid :
_bGarcía Enciso,
_c1972.
300 _a166 p. ;
_c16 cm.
490 1 _aColección García Enciso
650 4 _aTrabajadores de las artes gráficas-
_xEstatuto jurídico-
_zEspaña.
_9165900
830 1 0 _aColección "García Enciso"
_9176884
852 _aES-MaACL
_jC-43942
999 _c26280
_d26280